| 000 | 00451nam a2200169Ia 4500 | ||
|---|---|---|---|
| 008 | 230917s9999||||xx |||||||||||||| ||und|| | ||
| 020 | _cRS16 | ||
| 040 |
_e18081 _aMAIN |
||
| 041 | _aEnglish | ||
| 082 | _a380.5 S38E | ||
| 100 | _aSrivastava, S K | ||
| 245 | 0 | _aEconomics of transport: With special reference to transport development in India | |
| 250 | _a5th ed. | ||
| 260 |
_aNew Delhi _bS Chand _c1971 |
||
| 300 | _axix, 548 p. | ||
| 942 | _cBK | ||
| 999 |
_c115612 _d115612 |
||